000 00566nam a2200217Ia 4500
003 IEPS
005 20250703135242.0
008 250223s9999||||xx |||||||||||||| ||und||
020 _a2844098703
040 _CIEPS
041 _aara
082 _a158
100 _aديانا هيلز
245 0 _aالعناية بالعقل و النفس
260 _aبيروت
_bالدار العربية للعلوم
_c1999
300 _a377 ص.
_c24 سم
653 _aالعقل
653 _aعلم النفس
700 _aروبيرت هليز
942 _cكتاب
999 _c11290
_d11290